Madrid en broma / (Record no. 165950)

MARC details
000 -LEADER
campo de control de longitud fija 00657nam a22001935i 4500
001 - NÚMERO DE CONTROL
campo de control 165950
003 - IDENTIFICADOR DE NÚMERO DE CONTROL
campo de control ES-MaACL
005 - FECHA Y HORA DE LA ÚLTIMA TRANSACCIÓN
campo de control 20250717140812.0
008 - DATOS DE LONGITUD FIJA--INFORMACIÓN GENERAL
campo de control de longitud fija 940206s1891 sp a |||| | spa d
040 ## - FUENTE DE CATALOGACIÓN
Centro catalogador/agencia de origen CAM
Lengua de catalogación spa
100 0# - ENTRADA PRINCIPAL--NOMBRE DE PERSONA
Nombre de persona Taboada, Luis.
9 (RLIN) 109024
245 10 - MENCIÓN DEL TÍTULO
Título Madrid en broma /
Mención de responsabilidad, etc. Luis Taboada ; dibujos de Angel Pons ; fotograbados de Laporta.
260 ## - PUBLICACIÓN, DISTRIBUCIÓN, ETC.
Lugar de publicación, distribución, etc. Madrid :
Nombre del editor, distribuidor, etc. Librería de Fernando Fé,
Fecha de publicación, distribución, etc. 1891.
300 ## - DESCRIPCIÓN FÍSICA
Extensión 277 p. :
Otras características físicas il. ;
Dimensiones 18 cm.
700 1# - ENTRADA AGREGADA--NOMBRE PERSONAL
Nombre de persona Pons, Angel.
9 (RLIN) 131269
700 1# - ENTRADA AGREGADA--NOMBRE PERSONAL
Nombre de persona Laporta, Francisco,
Fechas asociadas al nombre 1850-1914
9 (RLIN) 152865
852 ## - LOCALIZACIÓN
Ubicación ES-MaACL
Número de control de estantería D-2906
Nota libre -- Rúst.
Encuadernación -- Añadir en T260: (Enrique Rubiños)
Holdings
Estatus retirado Estado de pérdida Estado de daño No para préstamo Colección Biblioteca de origen Biblioteca actual Ubicación en estantería Fecha de adquisición Fuente de adquisición Total de préstamos Signatura topográfica completa Código de barras Visto por última vez Precio de reemplazo Tipo de ítem Koha
        Libros del s. XIX Biblioteca del Ateneo de Madrid Biblioteca del Ateneo de Madrid Sala Valle Inclán 17/01/2008     D-2906 901174035 23/02/2023 23/02/2023 Libro impreso antiguo